| 000 | 005090000a22001810004500 | ||
|---|---|---|---|
| 003 | MACL | ||
| 005 | 20160508170753.0 | ||
| 008 | 160508b xxu||||| |||| 00| 0 eng d | ||
| 040 |
_aMACL _cMACL |
||
| 041 | _aHindi | ||
| 082 | _a891.431 NAS | ||
| 100 |
_aनासेह डा. मो _955771 |
||
| 245 |
_aलफज बोलते हैं _cडा. मो. नासेह |
||
| 260 |
_c2009 _aवाराणसी |
||
| 350 | _a150 | ||
| 650 |
_aPoetry _955772 |
||
| 942 |
_cHIN _k891.431/NAS/P _2ddc |
||
| 999 |
_c44378 _d44378 |
||